000
00297nam a2200121Ia 4500
005
20260326235441.0
008
260326s9999||||xx |||||||||||||| ||und||
100
_a
Hess, Alan
245
0
_a
Oscar Niemeyer Houses /
_c
Alan Hess
260
_b
Rizzoli
650
_a
ARQUITECTURA RESIDENCIAL
942
_c
BK
999
_c
7420
_d
7420